Statistiche per Calciatori in attività con più Presenze in Serie A

Clicka qui per fare il quiz!

Statistiche generali

  • Questo quiz è stato fatto 18 volte
  • Il punteggio medio è 8 su 10

Statistiche sulle risposte

PresenzeAnni in Serie ANazioneSquadre (presenze)Calciatore% Corretto
5062008-2010, 2011-ItaliaAtalanta (153); Sassuolo (353)Andrea Consigli
100%
5002007-2008, 2009-ItaliaUdinese (3); Livorno (19); Juventus (16); Parma (31); Cesena (18); Lazio (151); Inter (124); Sampdoria (71); Salernitana (67)Antonio Candreva
100%
3492008−2010, 2012−2014, 2016−ItaliaJuventus (3); Genoa (33); Torino (47); Lazio (266)Ciro Immobile
100%
3692009−2015, 2015−ColombiaUdinese (20); Lecce (33); Fiorentina (85); Juventus (224); Inter (7)Juan Cuadrado
94%
3772008−2009, 2009−2010, 2011−ItaliaAtalanta (99); Milan (155); Fiorentina (123)Giacomo Bonaventura
88%
3632012PoloniaUdinese (19); Empoli (63); Napoli (281)Piotr Zieliński
82%
3252014-ItaliaPalermo (38); Torino (232); Roma (45); Fiorentina (10)Andrea Belotti
76%
3792011-ItaliaChievo (24); Milan (6); Sassuolo (157); Lazio (135); Inter (57)Francesco Acerbi
71%
4302006-ItaliaLazio (47); Fiorentina (74); Sampdoria (109); Torino (112); Bologna (88)Lorenzo De Silvestri
59%
3702005-2006, 2007-ItaliaSiena (26); Sampdoria (22); Parma (204); Bologna (87); Roma (29); Milan (2)Antonio Mirante
41%

Distribuzione punteggi

Percentile per numero di risposta

Percentuale di utenti per punteggio

I tuoi punteggi nel tempo

Non hai fatto questo quiz